SNSD all songs(2007-now) - Statistics

General Stats
  • This quiz has been taken 114 times
    61 since last reset
  • The average score is 72 of 178
Answer Stats
Hint Answer % Correct
Gee Gee
100%
Genie Genie
100%
Into the New World Into the New World
100%
Oh! Oh!
100%
Hoot Hoot
94%
PARTY Party
94%
FOREVER 1 Forever 1
91%
FOREVER 1 You Better Run
91%
Digital Single Girls
88%
Girls' Generation Girls' Generation
88%
Holiday Night Holiday
88%
Girls' Generation Kissing You
88%
Lion Heart Lion Heart
88%
Mr.Mr. Mr.Mr.
88%
MR.TAXI / Run Devil Run Mr. Taxi
88%
The Boys The Boys
88%
Run Devil Run Run Devil Run
84%
Twinkle (SNSD-TTS) Twinkle
84%
Holiday Night All Night
81%
Girls' Generation Baby Baby
81%
I GOT A BOY I got a boy
81%
Holler (SNSD-TTS) Holler
78%
Lion Heart You Think
75%
Pre-releaseSingle Dancing Queen
72%
Digital Single Catch Me If You Can
69%
Gee Way To Go!
69%
Dear Santa (SNSD-TTS) Dear Santa
66%
4th Japanese single album Paparazzi
63%
PARTY Check
59%
1st single(SNSD- Oh!GG) Lil' Touch
59%
FOREVER 1 Villain
59%
Girls' Generation (Japanese 1st album) Bad girl
56%
Run Devil Run Echo
56%
Girls' Generation Honey
56%
Into the New World Beginning
53%
Girls' Generation Complete
53%
Gee Dear. Mom
53%
THE BEST~New Edition~ Divine
53%
Genie Etude
53%
6th Japanese single album Flower Power
53%
Twinkle (SNSD-TTS) Good-bye, Hello
53%
Oh! Star star star
53%
Dear Santa (SNSD-TTS) First Snow
50%
8th Japanese single album Galaxy Supernova
50%
Mr.Mr. Goodbye
50%
Oh! Show! Show!Show!
50%
Oh! Boys & Girls
47%
I GOT A BOY Express 999
47%
The Boys Oscar
47%
Holiday Night Sweet Talk
47%
Girls' Generation Tinkerbell
47%
Girls' Generation II ~ Girls & Peace ~ All My Love Is For You
44%
Mr.Mr. Back Hug
44%
Genie Boyfriend
44%
2011 Girls' Generation Tour Devil`s Cry
44%
Mr.Mr. Europa
44%
Genie Girlfriend
44%
Girls' Generation II ~ Girls & Peace ~ Girls & Peace
44%
Lion Heart Green Light
44%
I GOT A BOY Promise
44%
Lion Heart | THE BEST~New Edition~ Show Girls
44%
I GOT A BOY Talk Talk
44%
Oh! Be Happy
41%
FOREVER 1 Closer
41%
Holiday Night Light Up the Sky
41%
FOREVER 1 Lucky Like That
41%
Girls' Generation Merry-go-round
41%
Girls' Generation Ooh La-La!
41%
FOREVER 1 Paper Plane
41%
Holler (SNSD-TTS) Adrenaline
38%
LOVE & PEACE Beep Beep
38%
2011 Girls' Generation Tour If
38%
LOVE & PEACE Karma Butterfly
38%
Twinkle (SNSD-TTS) Love Sick
38%
The Boys My J
38%
LOVE & PEACE My oh My
38%
Holiday Night One Last Time
38%
I GOT A BOY Romantic St.
38%
The Boys Say Yes
38%
FOREVER 1 Seventeen
38%
The Boys (The 1stAlbum Repackage) Time Machine
38%
I GOT A BOY XYZ
38%
Girls' Generation 7989
34%
Lion Heart Bump It
34%
The Boys How Great Is Your Love
34%
THE BEST~New Edition~ Indestructible
34%
Girls' Generation (Japanese 1st album) Let It Rain
34%
7th Japanese single album Love & girls
34%
Dear Santa (SNSD-TTS) Merry Christmas
34%
Hoot Mistake
34%
Hoot Snowy Wish
34%
Mr.Mr. Soul
34%
Oh! Sweet Talking Baby
34%
Girls' Generation Tears
34%
Girls' Generation II ~ Girls & Peace ~ T.O.P
34%
Girls' Generation (Japanese 1st album) You-aholic
34%
I GOT A BOY Baby Maybe
31%
Twinkle (SNSD-TTS) Baby Steps
31%
LOVE & PEACE Do The Catwalk
31%
Holiday Night Fan
31%
1st single(SNSD- Oh!GG) Fermata
31%
Girls' Generation II ~ Girls & Peace ~ I'm A Diamond
31%
Girls' Generation (Japanese 1st album) I'm In Love With The HERO
31%
LOVE & PEACE Lips
31%
Genie My Child
31%
Girls' Generation II ~ Girls & Peace ~ Not Alone
31%
Holler (SNSD-TTS) Only U
31%
Girls' Generation II ~ Girls & Peace ~ Reflection
31%
Lion Heart Sign
31%
Holler (SNSD-TTS) Stay
31%
FOREVER 1 Summer Night
31%
Girls' Generation (Japanese 1st album) The great escape
31%
The Boys Vitamin
31%
Mr.Mr. Wait a Minute
31%
Girls' Generation II ~ Girls & Peace ~ Animal
28%
LOVE & PEACE Blue Jeans
28%
Girls' Generation (Japanese 1st album) Born to be a lady
28%
THE BEST~New Edition~ Chain Reaction
28%
Gee Destiny
28%
Lion Heart Fire Alarm
28%
LOVE & PEACE Flyers
28%
The Boys Lazy Girl (Dolce Far Niente)
28%
Twinkle (SNSD-TTS) Library
28%
LOVE & PEACE Lingua Franca
28%
I GOT A BOY Look at Me
28%
Twinkle (SNSD-TTS) Oh My God
28%
Lion Heart Paradise
28%
Into the New World Perfect For You
28%
Oh! Stick Wit U
28%
The Boys Top Secret
28%
The Boys Trick
28%
Girls' Generation (Japanese 1st album) Beautiful Stranger
25%
Girls' Generation II ~ Girls & Peace ~ Boomerang
25%
LOVE & PEACE Everyday Love
25%
Holiday Night Girls Are Back
25%
Gee Let's Talk About love
25%
I GOT A BOY Lost In Love
25%
Hoot My Best Friend
25%
Lion Heart One Afternoon
25%
Girls' Generation II ~ Girls & Peace ~ Stay Girls
25%
The Boys Sunflower
25%
Oh! Talk To Me
25%
The Boys Telepathy
25%
Hoot Wake Up
25%
Holler (SNSD-TTS) Whisper
25%
Into The New World (The 1st Live Album) Barbie Girl
22%
Twinkle (SNSD-TTS) Checkmate
22%
Holler (SNSD-TTS) Eyes
22%
Holiday Night It's You
22%
Holiday Night Love Is Bitter
22%
FOREVER 1 Mood Lamp
22%
LOVE & PEACE Motorcycle
22%
Genie One Year Later
22%
Holiday Night Only One
22%
2011 Girls' Generation Tour 3
19%
FOREVER 1 Freedom
19%
LOVE & PEACE Gossip Girls
19%
2011 Girls' Generation Tour Ice Boy
19%
2011 Girls' Generation Tour Lady Marmalade
19%
Dear Santa (SNSD-TTS) Winter Story
19%
2011 Girls' Generation Tour Danny Boy
16%
2011 Girls' Generation Tour Don`t Stop The Music
16%
Into The New World (The 1st Live Album) Hush Hush; Hush Hush
16%
Into The New World (The 1st Live Album) Santa Baby
16%
2011 Girls' Generation Tour Sway
16%
Into The New World (The 1st Live Album) 1, 2 Step
13%
Dear Santa (SNSD-TTS) I Like the Way
13%
Into The New World (The 1st Live Album) Umbrella
13%
2011 Girls' Generation Tour Almost
9%
Into The New World (The 1st Live Album) Beautiful Girls
9%
Into The New World (The 1st Live Album) Sunny
9%
2011 Girls' Generation Tour Girl`s Carnival
6%
Into The New World (The 1st Live Album) Over the Rainbow
6%
Into The New World (The 1st Live Album) Singing in the Rain
6%
Into The New World (The 1st Live Album) Sixteen Going on Seventeen
6%
Into The New World (The 1st Live Album) Introduce me a good man
3%
Into The New World (The 1st Live Album) Nine Angels
3%
No matching quizzes found
Score Distribution
Percent of People with Each Score
Percentile by Number Answered
Your Score History
You have not taken this quiz since the last reset